000 00933nam0a2200289 i 4500
001 RU\NLR\bibl\2036227
005 20240723102703.0
010 _a9789661442794
010 _a978-5-9910-2215-6
_920000
021 _aRU
_b2013-32147
_92206
035 _a(NLR Aleph) 002023668
090 _a4516697
_c4516697
100 _a20130523d2013 u y0rusy50 ca
101 1 _arus
_ceng
102 _aRU
_aUA
105 _aa |||||||||
200 1 _aПерелетные птицы
_eроман
_fАлла Кроун
_g[пер. с англ. Виталия Михалюка]
210 _aХарьков
_aБелгород
_cКлуб семейного досуга
_d2013
215 _a443, [2] с.
_cил.
_d20
333 _a16+
686 _aШ6(7США)67-440.4{Лх1979-50}
700 1 _aКроун
_bА.
_gАлла
_4070
801 0 _aRU
_bNLR
_c20130523
_gRCR
801 1 _aRU
_bNLR
_c20130523
942 _cBOOK
980 _aNBR